| 000 | 00646nam a2200193Ia 4500 | ||
|---|---|---|---|
| 003 | OSt | ||
| 005 | 20240508162313.0 | ||
| 008 | 210210b1977 xxu||||| |||| 00| 0 eng d | ||
| 040 | _cAL | ||
| 041 | _aSanskrit | ||
| 082 | _aS491.3 AMAA | ||
| 100 |
_aAMARASIMHA. _dअमरसिंह _9163809 |
||
| 245 |
_aAmarkosh: Shrimadmarasimha virachith. (Prathamkand). _b अमरकोश: श्रिमदमरसिंहविराचितः प्रथम खण्ड् |
||
| 260 |
_aVaranasi. _bBharatiy Samskrathik Sahity., _c1977 |
||
| 300 | _a30 | ||
| 690 |
_aSanskrit Dictionaries _9163810 |
||
| 906 | _aSG00945 | ||
| 942 |
_2ddc _cBK |
||
| 999 |
_c112536 _d112536 |
||